Lettera al Cremlino /

में बचाया:
ग्रंथसूची विवरण
मुख्य लेखक: Behn, Noel (लेखक)
अन्य लेखक: Àlfaro (अनुवादक)
स्वरूप: पुस्तक
भाषा:इतालवी
प्रकाशित: Milano : Garzanti, 1967
श्रृंखला:R'67
टैग: टैग जोड़ें
कोई टैग नहीं, इस रिकॉर्ड को टैग करने वाले पहले व्यक्ति बनें!

MARC

LEADER 00000nam a22000007i 4500
001 IT\ICCU\SBL\0550068
003 ItRI
005 20250724151307.0
008 910930s1967 it |||||| ||||| |||||c
015 |2 IT  |a 67592 
040 |b ita  |c ct 
041 7 |a ita  |2 ISO-639-2 
082 |a 823.91  |2 16 
100 1 |a Behn, Noel  |0 IT\ICCU\SBLV\162745  |4 aut 
240 1 4 |a The Kremlin letter.  |9 Behn, Noel 
245 1 0 |a Lettera al Cremlino /  |c di Noel Behn. 
260 |a Milano :  |b Garzanti,  |c 1967 
300 |a 253 p. ;  |c 19 cm 
500 |a Trad. di Alfaro. 
700 0 |a Àlfaro  |0 IT\ICCU\SBLV\247172  |4 trl 
830 0 |a R'67  |0 IT\ICCU\RAV\2121792 
942 |2 ddc  |c BK 
952 |0 0  |1 0  |2 ddc  |4 0  |7 0  |9 7349  |a MI  |b MI  |d 1988-03-17  |i 922  |l 0  |p CDOM922  |r 2025-07-13 16:28:37  |w 2025-07-13  |x ACQUISTO  |y BK 
981 1 |6 z01  |a i   |b xxxe  
982 1 |6 z01  |a n 
999 |c 6050  |d 6050